Youtubeurs francophone en images - E - Statistiques

Statistiques générales
  • Ce quiz a été pris 244 fois
  • Le résultat moyen est 5 sur 16
Statistiques - réponses
Par images Réponse % Correct
EnjoyPhoenix
89%
Eric Antoine
82%
Etienne Moustache
69%
Etoiles
68%
Emy LTR
49%
e-penser 2.0
38%
Emma Paris
20%
EGO
18%
Emma Graziano
14%
Edward
9%
Explore Media
9%
Ed Layton
2%
Elarcis
2%
El JJ
2%
Esquive la boule de feu
2%
Electrow
1%
Aucun quiz correspondant
Distribution des résultats
% des personnes avec chaque résultat
Percentile par nombre de réponses
Votre historique - résultats
Vous n’avez pas pris ce quiz